00689nam a22001937a 4500008004100000020003000041040001800071041000800089060001400097245007900111250001200190260006200202300003300264504003900297650003900336650004100375700004900416700003000465130821s2000 xxua gr eng  a0721677118cobra completa aCo-BoUCMbspa00aeng aWF 1402500aTextbook of respiratory medicinec[edited by] John F. Murray, Jay A. Nadel a3a. ed. aFiladelfia (Pensilvania, Estados Unidos)bSaunderscc2000 a2 volúmenesbilustraciones aIncluye bibliografía e índice.04aAparato respiratorioxEnfermedades04aEnfermedades del tracto respiratorio1 aMurray, John F.Q(John Frederic)d1927-eed.1 aNadel, Jay A.d1929-eed.